Strategické myslenie manažérov a podnikateľov Stratégie malých a stredných podnikov
Dobré strategické vedenie firmy - úspešný vývoj firmy. Intuitívni resp. prirodzení stratégovia a stratégovia racionalisti. Jedna z najdôležitejších schopností vrcholového manažéra je schopnosť strategického myslenia. Charakteristika strategického myslenia.
Gespeichert in:
| 1. Verfasser: | |
|---|---|
| Format: | Buchkapitel |
| Sprache: | Slowakisch |
| Schlagworte: | |
| Tags: |
Keine Tags, Fügen Sie das erste Tag hinzu!
|
MARC
| LEADER | 00000naa a2200000 4500 | ||
|---|---|---|---|
| 001 | r000753 | ||
| 005 | 20221205080033.6 | ||
| 041 | 0 | |a slo | |
| 044 | |a SK | ||
| 245 | 1 | 0 | |a Strategické myslenie manažérov a podnikateľov |b Stratégie malých a stredných podnikov |c J. Papula |
| 520 | |a Dobré strategické vedenie firmy - úspešný vývoj firmy. Intuitívni resp. prirodzení stratégovia a stratégovia racionalisti. Jedna z najdôležitejších schopností vrcholového manažéra je schopnosť strategického myslenia. Charakteristika strategického myslenia. | ||
| 610 | 2 | 0 | |a manažéri |
| 610 | 2 | 0 | |a manažment strategický |
| 610 | 2 | 0 | |a stratégia podniková |
| 610 | 2 | 0 | |a podnik malý |
| 610 | 2 | 0 | |a podnik stredný |
| 100 | 1 | |a Papula, J. | |